Statistiques concernant 25 Plus gros transferts de Ligue 2

Cliquez ici pour prendre le quiz!

Statistiques générales

  • Ce quiz a été pris 65 fois
  • Le résultat moyen est 7 sur 25

Statistiques - réponses

ClassementPrixSaisonAllant de :Vers :Joueurs% Correct
207,00 M€92/93AS CannesGirondins de BordeauxZinedine Zidane
70%
711,00 M€11/12RC LensReal MadridRaphaël Varane
58%
109,00 M€19/20EA GuingampBorussia M'gladbachMarcus Thuram
55%
115,00 M€20/21Amiens SCRennesSerhou Guirassy
55%
188,00 M€18/19FC LorientFC ArsenalMattéo Guendouzi
51%
612,00 M€19/20AC Le HavreOlympique LyonnaisTino Kadewere
49%
197,50 M€21/22Toulouse FCBayer LeverkusenAmine Adli
47%
168,00 M€19/20EA GuingampFC NantesLudovic Blas
47%
129,00 M€20/21Clermont FootFC LorientAdrian Grbic
42%
119,00 M€20/21Toulouse FCBorussia M'gladbachManu Koné
42%
413,00 M€22/23Saint-EtienneRB SalzbourgLucas Gourna-Douath
38%
313,00 M€12/13River PlateAS MonacoLucas Ocampos
30%
513,00 M€19/20FC LorientOGC NiceAlexis Claude-Maurice
26%
139,00 M€02/03FC LorientGirondins de BordeauxJean-Claude Darcheville
25%
217,00 M€20/21Toulouse FCPSV EindhovenIbrahim Sangaré
21%
158,00 M€19/20Paris FCStuttgartSilas Wamangituka
21%
811,00 M€23/24FC MetzWolverhamptonBoubacar Traoré
13%
910,00 M€19/20AJ AuxerreAS MonacoJean Marcelin
13%
256,50 M€16/17AC Le HavreBournemouthLys Mousset
13%
178,00 M€17/18AC Le HavreRennesRafik Guitane
8%
236,50 M€11/12AS MonacoFC ArsenalChu-Yung Park
6%
148,80 M€01/02RC StrasbourgOlympique LyonnaisPéguy Luyindula
4%
214,00 M€98/99AS CannesInter MilanSébastien Frey
4%
246,50 M€00/01Montpellier HSCRennesPhilippe Delaye
2%
227,00 M€11/12AS NancyRennesFaitout Maouassa
0%

Distribution des résultats

Percentile par nombre de réponses

% des personnes avec chaque résultat

Votre développement - résultats

Vous n’avez pas pris ce quiz